000 00291nam a22001337a 4500
008 170608b xxu||||| |||| 00| 0 eng d
020 _a9780072295061
041 _aeng
080 _23RD
_a32
100 _a18
101 _aSHP
245 _aWE THE PEOPLE
_cPATTERSON,TH.E
942 _2udc
_cBK
999 _c16507
_d16507